MARC

LEADER 00000nam0a2200000 4500
001 48147
005 20231031031328.0
035 |a (RuTPU)RU\TPU\book\50375 
090 |a 48147 
100 |a 20030306d1982 k y0rusy50 ca 
101 0 |a rus 
102 |a RU 
105 |a a z 001zy 
200 1 |a Ультразвуковые электротехнологические установки  |f А. В. Донской, О. К. Келлер, Г. С. Кратыш 
205 |a 2-е изд., перераб. и доп. 
210 |a Ленинград  |c Энергоиздат  |d 1982 
215 |a 204 с.  |c ил. 
320 |a Библиогр.: с. 201-202 
610 1 |a ультразвуковое оборудование 
610 1 |a ультразвуковые установки 
610 1 |a магнитострикционные преобразователи 
610 1 |a пьезоэлектрические преобразователи 
610 1 |a электроакустические преобразователи 
610 1 |a питание 
610 1 |a эксплуатация 
610 1 |a электропитание 
610 1 |a источники 
675 |a 681.88  |v 3 
700 1 |a Донской  |b А. В.  |g Александр Васильевич 
701 1 |a Келлер  |b О. К.  |g Олег Константинович 
701 1 |a Кратыш  |b Г. С.  |g Георгий Сергеевич 
801 1 |a RU  |b 63413507  |c 20030306  |g PSBO 
801 2 |a RU  |b 63413507  |c 20201029  |g PSBO 
900 |a Электротехнологические промышленные установки 
942 |c BK